| 000 | 00684nam a2200169Ia 4500 | ||
|---|---|---|---|
| 008 | 100122s9999 xx 000 0 und d | ||
| 082 |
_b40649 _a10 |
||
| 100 | _aघारे दीपक | ||
| 245 | _aमराठीतील साहित्य लेणी (क. क्र. 25/1 ) | ||
| 260 |
_bग्रंथघर प्रकाशन _c1986 |
||
| 300 | _a83 | ||
| 520 | _aसाहित्यलेणी | ||
| 620 | _aसाहित्यलेणी | ||
| 630 | _aमराठीतील साहित्य लेणी (क. क्र. 25/1 ) | ||
| 730 | _aमराठीतील साहित्य लेणी (क. क्र. 25/1 ) | ||
| 942 | _cBOOK | ||
| 999 |
_c421489 _d421486 |
||